000 00262 a2200109 4500
001 66128
040 _cAnchieta - Pituba
240 1 0 _aFestival de redação 2015
_l
245 1 0 _aFestival de redação 2015
650 4 _aLínguas espanhola e portuguesa
942 _cMX
999 _c66128
_d66128